|
|
|
|
| LEADER |
00585cam a2200157 7i4500 |
| 001 |
0000030456 |
| 005 |
20131023090000.0 |
| 090 |
0 |
0 |
|a P 665.5025
|b OIL
|
| 245 |
0 |
0 |
|a OGA 2013 (Oil and Gas Asia) :
|b show directory (5 - 7 June 2013 : Kuala Lumpur Convention Centre, Malaysia).
|
| 260 |
0 |
0 |
|a [S.l]:
|b [s.n],
|c 2013.
|
| 300 |
# |
# |
|a 240 p.
|
| 650 |
0 |
0 |
|a Petroleum industry --
|x Directories --
|z Asia
|
| 650 |
0 |
0 |
|a Gas industry --
|x Directories --
|z Asia
|
| 650 |
0 |
0 |
|a Oil and gas industry --
|x Directories --
|z Asia
|
| 651 |
0 |
0 |
|a Asia
|
| 999 |
|
|
|a 0000032860
|b Directories
|c Products
|e Business Information Centre
|